Word Laddyrinth VI Quiz Stats

Quiz Updated Feb 28, 2017

Also try: Word Laddyrinth V
Challenge
Share
Tweet
Embed
Score 0/192 Timer 07:00
12 Plays Today
% Correct
terrify
99.4%
FINISH
98.8%
ascend
95.2%
keep count
95.1%
SCARE
95.1%
0~O~0~O~0~O~0
89.8%
0~O~0~O~0~O~0
89.8%
contempt
85.8%
SCORE
85.8%
past fresh
82%
SCALE
81.7%
0~O~0~O~0~O~0
76.5%
0~O~0~O~0~O~0
76.5%
0~O~0~O~0~O~0
76.1%
0~O~0~O~0~O~0
76.1%
0~O~0~O~0~O~0
75.8%
0~O~0~O~0~O~0
75.8%
condition
75.6%
STALE
75.4%
0~O~0~O~0~O~0
74.6%
0~O~0~O~0~O~0
74.6%
0~O~0~O~0~O~0
73.9%
0~O~0~O~0~O~0
73.9%
oak product
72.6%
SCORN
72.6%
ACORN
70.9%
decorate
70.9%
fine grained rock
69%
0~O~0~O~0~O~0
68.7%
0~O~0~O~0~O~0
68.7%
STATE
68.6%
platform
68.6%
ADORN
67.7%
dish
66.9%
0~O~0~O~0~O~0
66.8%
0~O~0~O~0~O~0
66.8%
location
66.7%
a philosopher
66.6%
PLATE
66.6%
SLATE
66.5%
0~O~0~O~0~O~0
66.4%
0~O~0~O~0~O~0
66.4%
serenity
66.1%
PLACE
65.9%
shore
65.2%
pitted fruit
64.9%
0~O~0~O~0~O~0
64.9%
0~O~0~O~0~O~0
64.9%
seat
64.7%
PEACE
64.7%
BEACH
64.5%
PEACH
64.5%
cluster
63.2%
0~O~0~O~0~O~0
63.2%
0~O~0~O~0~O~0
63.2%
wanton woman
63.1%
BENCH
63%
PLATO
61.7%
minor planet
61.7%
predicament
60.9%
party drink
60.9%
PLUTO
60.9%
midday meal
60.4%
BUNCH
60.4%
% Correct
PUNCH
59.8%
hoisting machine
59.8%
WENCH
59.4%
LUNCH
57.6%
0~O~0~O~0~O~0
56.3%
0~O~0~O~0~O~0
56.3%
angle
56.1%
piece of cake
55.8%
0~O~0~O~0~O~0
55.6%
0~O~0~O~0~O~0
55.6%
PINCH
55.1%
conjurer
53.2%
WINCH
52.9%
0~O~0~O~0~O~0
52.3%
0~O~0~O~0~O~0
52.3%
join
51.8%
STAGE
51.4%
WITCH
51.2%
0~O~0~O~0~O~0
50.8%
0~O~0~O~0~O~0
50.8%
0~O~0~O~0~O~0
49.6%
0~O~0~O~0~O~0
49.6%
0~O~0~O~0~O~0
48.3%
0~O~0~O~0~O~0
48.3%
0~O~0~O~0~O~0
45.4%
0~O~0~O~0~O~0
45.4%
a seashell
45.3%
instructor
44.6%
CINCH
44.3%
CONCH
44.3%
fix a hole
43.9%
gulley
43.8%
resilient insect
43.5%
PITCH
43.3%
extend
43.2%
COACH
43.1%
ROACH
43%
REACH
42.7%
respond
42.7%
German empire
42.7%
dehydrate
42.7%
0~O~0~O~0~O~0
42.6%
0~O~0~O~0~O~0
42.6%
0~O~0~O~0~O~0
42.4%
0~O~0~O~0~O~0
42.4%
PATCH
42.2%
0~O~0~O~0~O~0
42.1%
0~O~0~O~0~O~0
42.1%
HITCH
42%
DITCH
41.6%
from Rotterdam
41.6%
DUTCH
40.2%
REICH
39.8%
veranda
38.9%
pocket
38.9%
REACT
38.3%
PARCH
38.3%
PORCH
38%
0~O~0~O~0~O~0
32.4%
0~O~0~O~0~O~0
32.4%
0~O~0~O~0~O~0
32.1%
0~O~0~O~0~O~0
32.1%
sophisticated
32%
contact
32%
% Correct
COUCH
31.9%
sofa
31.9%
POUCH
31.3%
0~O~0~O~0~O~0
30.6%
0~O~0~O~0~O~0
30.6%
0~O~0~O~0~O~0
30.6%
0~O~0~O~0~O~0
30.6%
0~O~0~O~0~O~0
30.3%
0~O~0~O~0~O~0
30.3%
difficult
30.2%
TOUCH
30.1%
coarse
29.9%
cheek coloring
29.8%
ROUGH
29.6%
TOUGH
29.6%
wake
29.3%
ROUGE
29%
0~O~0~O~0~O~0
27.7%
0~O~0~O~0~O~0
27.7%
a rodent
27.5%
famous code
27.4%
a parasite
27.4%
MOUSE
27.4%
ROUSE
27.3%
like Leif Ericson
26.8%
MORSE
26.7%
0~O~0~O~0~O~0
26.6%
0~O~0~O~0~O~0
26.6%
0~O~0~O~0~O~0
26.4%
0~O~0~O~0~O~0
26.4%
slack
25.5%
LOUSE
25.4%
care for
25.3%
NORSE
25.1%
beat
24.8%
handbag
24.6%
removal
24.5%
PURSE
24.5%
NURSE
24.5%
LOOSE
24.3%
migrating avian
24.3%
0~O~0~O~0~O~0
23.8%
0~O~0~O~0~O~0
23.8%
GOOSE
23.7%
truth, archaically
23.5%
cardinal direction
23.5%
COUTH
23.4%
SOUTH
23.4%
0~O~0~O~0~O~0
21.8%
0~O~0~O~0~O~0
21.8%
0~O~0~O~0~O~0
21.5%
0~O~0~O~0~O~0
21.5%
PULSE
20.7%
0~O~0~O~0~O~0
20.3%
0~O~0~O~0~O~0
20.3%
a deadly sin
20%
SOOTH
20%
canine or cuspid
20%
TOOTH
19.8%
SLOTH
19.6%
PURGE
18.2%
sudden rush
18.2%
WELL DONE
17%
SURGE
16.8%

You're not logged in!

Compare scores with friends on all Sporcle quizzes.
Sign Up with Email
OR
Log In

You Might Also Like...

Show Comments

Extras

Top Quizzes Today


Score Distribution

Your Account Isn't Verified!

In order to create a playlist on Sporcle, you need to verify the email address you used during registration. Go to your Sporcle Settings to finish the process.